Countries By Continent Map Quiz #6 - Statistics

General Stats
  • This quiz has been taken 26 times
    16 since last reset
  • The average score is 13 of 16
Answers on the Map
Answers color-coded by a green-red scale on the quiz's map according to % correct below.
 
Answer Stats
Answer % Correct
Australia
100%
New Zealand
93%
Papua New Guinea
93%
Federated States Of Micronesia
87%
Marshall Islands
87%
Samoa
87%
Solomon Islands
87%
Vanuatu
87%
Fiji
80%
Kiribati
80%
Nauru
80%
Tuvalu
80%
Palau
73%
French Polynesia
73%
Tonga
73%
New Caledonia
60%
No matching quizzes found
Score Distribution
Percent of People with Each Score
Percentile by Number Answered
Your Score History
You have not taken this quiz since the last reset